000
00292cam a22000977a 4500
008
180718b1995 xxu||||| |||| 00| 0 eng d
100
_a
Brahamverchasva
245
_a
Gayatri sadhana ka guyaa vivechan
_c
edited by Brahamverchasva
260
_a
Mathura
_b
Akhand Jyoti Sansthan
_c
1995
300
_a
V.P.
999
_c
440443
_d
440443